Anticancer agents from natural products (Record no. 1212694)
[ view plain ]
| 000 -LEADER | |
|---|---|
| fixed length control field | 01064nam a2200313Ia 4500 |
| 003 - CONTROL NUMBER IDENTIFIER | |
| control field | OSt |
| 005 - DATE AND TIME OF LATEST TRANSACTION | |
| control field | 20221007123940.0 |
| 008 - FIXED-LENGTH DATA ELEMENTS--GENERAL INFORMATION | |
| fixed length control field | 221006b |||||||| |||| 00| 0 eng d |
| 020 ## - INTERNATIONAL STANDARD BOOK NUMBER | |
| International Standard Book Number | 0849318637 (hbd) |
| 037 ## - SOURCE OF ACQUISITION | |
| Terms of availability | Textbook |
| 040 ## - CATALOGING SOURCE | |
| Original cataloging agency | CDL |
| Transcribing agency | CDL |
| Language of cataloging | eng |
| 041 ## - LANGUAGE CODE | |
| Source of code | eng |
| Language code of text/sound track or separate title | eng |
| 100 ## - MAIN ENTRY--PERSONAL NAME | |
| Personal name | Cragg Gordon M Ed. |
| 9 (RLIN) | 718174 |
| 245 #0 - TITLE STATEMENT | |
| Title | Anticancer agents from natural products |
| Remainder of title | Kingston David G I Ed. Newman David J Ed. |
| 260 ## - PUBLICATION, DISTRIBUTION, ETC. | |
| Place of publication, distribution, etc. | Boca |
| Name of publisher, distributor, etc. | Raton Taylor and Francis |
| Date of publication, distribution, etc. | 2005 |
| 300 ## - PHYSICAL DESCRIPTION | |
| Extent | 577p. |
| Dimensions | cm. |
| 500 ## - GENERAL NOTE | |
| General note | Includes bibliographical references; Index 573-577p. |
| 650 ## - SUBJECT ADDED ENTRY--TOPICAL TERM | |
| Topical term or geographic name entry element | Natural products |
| 9 (RLIN) | 711396 |
| 650 ## - SUBJECT ADDED ENTRY--TOPICAL TERM | |
| Topical term or geographic name entry element | Pharmacognosy |
| 9 (RLIN) | 713083 |
| 650 ## - SUBJECT ADDED ENTRY--TOPICAL TERM | |
| Topical term or geographic name entry element | Antineoplastic agents |
| 9 (RLIN) | 718032 |
| 700 ## - ADDED ENTRY--PERSONAL NAME | |
| Personal name | Kingston David G I Ed. |
| 9 (RLIN) | 718033 |
| 700 ## - ADDED ENTRY--PERSONAL NAME | |
| Personal name | Newman David J Ed. |
| 9 (RLIN) | 718034 |
| 942 ## - ADDED ENTRY ELEMENTS (KOHA) | |
| Classification part | L:47257:6, P5;1 Carc |
| Koha item type | Textbook |
| Source of classification or shelving scheme | Colon Classification (CC) |
| Withdrawn status | Lost status | Source of classification or shelving scheme | Damaged status | Not for loan | Home library | Current library | Date acquired | Total Checkouts | Full call number | Barcode | Date last seen | Price effective from | Koha item type |
|---|---|---|---|---|---|---|---|---|---|---|---|---|---|
| Colon Classification (CC) | Department of Chemistry Library | Department of Chemistry Library | 2022-10-07 | L:47257:6 P5;1 Carc | CD0007651 | 2022-10-07 | 2022-10-07 | Textbook |
